Devil wire ; (Запис № 488296)
[ простий вигляд ]
| 000 -LEADER | |
|---|---|
| fixed length control field | 01389nam a2200313Ma 4500 |
| 001 - CONTROL NUMBER | |
| control field | devilwirebrazos00judd |
| 003 - CONTROL NUMBER IDENTIFIER | |
| control field | CaSfIA |
| 005 - DATE AND TIME OF LATEST TRANSACTION | |
| control field | 20210118001937.0 |
| 007 - PHYSICAL DESCRIPTION FIXED FIELD--GENERAL INFORMATION | |
| fixed length control field | cr|||| |
| 008 - FIXED-LENGTH DATA ELEMENTS--GENERAL INFORMATION | |
| fixed length control field | 090128m19941981nyu 000 1 eng d |
| 040 ## - CATALOGING SOURCE | |
| Original cataloging agency | CNSPL |
| Transcribing agency | CNSPL |
| Modifying agency | CaSfIA |
| 020 ## - INTERNATIONAL STANDARD BOOK NUMBER | |
| International Standard Book Number | 9780312944360 (mmpbk.) |
| 020 ## - INTERNATIONAL STANDARD BOOK NUMBER | |
| International Standard Book Number | 0312944365 (mmpbk.) |
| 035 ## - SYSTEM CONTROL NUMBER | |
| System control number | (OCoLC)426077346 |
| 082 04 - DEWEY DECIMAL CLASSIFICATION NUMBER | |
| Classification number | 813.54 |
| Edition number | 22 |
| 100 1# - MAIN ENTRY--PERSONAL NAME | |
| Personal name | Judd, Cameron. |
| 245 10 - TITLE STATEMENT | |
| Title | Devil wire ; |
| Medium | [electronic resource] |
| Remainder of title | Brazos / |
| Statement of responsibility, etc | Cameron Judd. |
| 246 3# - VARYING FORM OF TITLE | |
| Title proper/short title | Brazos |
| 260 ## - PUBLICATION, DISTRIBUTION, ETC. (IMPRINT) | |
| Place of publication, distribution, etc | New York : |
| Name of publisher, distributor, etc | St. Martin's ; |
| Place of publication, distribution, etc | Godalming : |
| Name of publisher, distributor, etc | Melia [distributor], |
| Date of publication, distribution, etc | c1994. |
| 300 ## - PHYSICAL DESCRIPTION | |
| Extent | 211, 252 p. |
| 500 ## - GENERAL NOTE | |
| General note | Devil wire originally published: New York: Kensington, 1981 - Brazos originally published: New York: Bantam, 1994. |
| 500 ## - GENERAL NOTE | |
| General note | Cover title. |
| 506 ## - RESTRICTIONS ON ACCESS NOTE | |
| Standardized terminology for access restriction | Необхідна авторизація на https://archive.org/ (створення облікового запису безкоштовно) |
| 506 ## - RESTRICTIONS ON ACCESS NOTE | |
| Standardized terminology for access restriction | Необхідна авторизація на https://openlibrary.org/ (створення облікового запису безкоштовно) |
| 655 00 - INDEX TERM--GENRE/FORM | |
| Genre/form data or focus term | Western stories. |
| 856 41 - ELECTRONIC LOCATION AND ACCESS | |
| Uniform Resource Identifier | <a href="http://www.archive.org/details/devilwirebrazos00judd">http://www.archive.org/details/devilwirebrazos00judd</a> |
| Public note | Free eBook from the Internet Archive |
| 856 42 - ELECTRONIC LOCATION AND ACCESS | |
| Uniform Resource Identifier | <a href="http://www.openlibrary.org/books/OL24205100M">http://www.openlibrary.org/books/OL24205100M</a> |
| Public note | Additional information and access via Open Library |
| 942 ## - ADDED ENTRY ELEMENTS (KOHA) | |
| Koha item type | ЕКнига |
Немає доступних примірників.